| 000 | 00403nam a2200121 a 4500 | ||
|---|---|---|---|
| 008 | 120416s1978 xx |||||||||||||| || u | ||
| 050 | _aNA 9052 Sha | ||
| 100 | _aSharp, Thomas | ||
| 245 | 1 | 0 | _aTown and townscape |
| 260 | _c[1978] | ||
| 350 | _a0.00 | ||
| 995 |
_D0.00 _FCBU-MAIN LIBRARY (Kitwe) _H1 _I0.00 _UAVAILABLE _ZMain Library Open Access Collection |
||
| 999 |
_c60088 _d60088 |
||